Report of the Madras Pay Commission, 1959-60 (Record no. 489335)

000 -LEADER
fixed length control field 00390cam a22001337a 4500
008 - FIXED-LENGTH DATA ELEMENTS--GENERAL INFORMATION
fixed length control field 180718b1960 xxu||||| |||| 00| 0 eng d
082 ## - DEWEY DECIMAL CLASSIFICATION NUMBER
Classification number K23x5452 M267
100 ## - MAIN ENTRY--PERSONAL NAME
Personal name Madras. Pay Commission
245 ## - TITLE STATEMENT
Title Report of the Madras Pay Commission, 1959-60
260 ## - PUBLICATION, DISTRIBUTION, ETC.
Place of publication, distribution, etc. Madras
Name of publisher, distributor, etc. The author
Date of publication, distribution, etc. 1960
300 ## - PHYSICAL DESCRIPTION
Extent 508+p.
500 ## - GENERAL NOTE
General note Chairman: K. Ramunni Menon
700 ## - ADDED ENTRY--PERSONAL NAME
Personal name Menon, K. Ramunni(Chairman)
Holdings
Withdrawn status Lost status Damaged status Not for loan Permanent Location Current Location Date acquired Full call number Barcode Date last seen Price effective from Koha item type
        Indian Institute of Public Administration Indian Institute of Public Administration 2018-08-04 K23x5452 M267 GR4007 2018-08-04 2018-08-04 GR

Powered by Koha